Animal Varieties #3 (Ocean) - Statistics

General Stats
  • This quiz has been taken 185 times
  • The average score is 8 of 16
Answer Stats
Varieties Animal % Correct
Fin, Beluga, Sperm Whale
100%
Whale, Frilled, Bull Shark
89%
Spotted eagle, Manta, Cownose Ray
80%
Leatherback, Loggerhead, Green Sea turtle
79%
Electric, Japanese, Pelican Eel
78%
Red king, European green, Coconut Crab
74%
Humboldt, Giant, Vampire Squid
74%
Giant Pacific, Mimic, Blue-ringed Octopus
72%
Atlantic, Chinook, Pink Salmon
59%
Harbor, Caspion, Ringed Seal
46%
California spiny, American, Japanese spiny Lobster
27%
Pink, Giant, Ochre Sea star
16%
Amazonian, West Indian, Dwarf Manatee
15%
Sea, Giant, Marine Otter
14%
Lined, Tiger tail, Longsnout Seahorse
12%
Humphead, Six-line, Orangeback fairy Wrasse
12%
No matching quizzes found
Score Distribution
Percent of People with Each Score
Percentile by Number Answered
Your Score History
You have not taken this quiz